000 00735nam a2200217Ia 4500
003 GCL
005 20240530103434.0
008 140319s9999 xx 000 0 ara d
040 _aGCL /
_cGCL
082 0 4 _a962.074
_bق/ا ل
100 1 _aابراهيم عزت
245 1 0 _aلا يمكننا دفع المصرين الى الخلف:
_cابراهيم عزت
_bمذكرات حرب اكتوب /
260 _aالقاهرة :
_bروز اليوسف ،
_c1974
300 _a150 ص ؛
_c16 سم
650 0 4 _aمصر
650 0 4 _aالنزاع العربى الاسرائيلى
650 0 4 _aالعمليات الحربية
650 0 4 _aالاعلام الاسرائيلى
650 0 4 _aحرب اكتوبر 1973
942 _2ddc
_cBK
999 _c39372
_d39372